France - Les membres du Conseil Constitutionnel - Statistiques

Statistiques générales
  • Ce quiz a été pris 37 fois
  • Le résultat moyen est 13 sur 88
Statistiques - réponses
Année
de nomination
Fin de mandat Initiales Prénom et Nom % Correct
2019 2028 AJ Alain JUPPE
84%
2007 2011 JC Jacques CHIRAC
81%
2016 2025 LF Laurent FABIUS
81%
2012 2013 NS Nicolas SARKOZY
81%
1981 2022 VGE Valéry GISCARD d'ESTAING
81%
2007 2016 JLD Jean-Louis DEBRE
68%
2014 2019 LJ Lionel JOSPIN
68%
1959 1962 GP Georges POMPIDOU
45%
1986 1995 RB Robert BADINTER
45%
2022 2031 JG Jacqueline GOURAULT
42%
1959 1962 RC René COTY
35%
1998 2007 SV Simone VEIL
35%
2019 2028 JM Jacques MEZARD
26%
1974 1983 RF Roger FREY
26%
1995 2000 RD Roland DUMAS
26%
1959 1966 VA Vincent Auriol
26%
1959 1965 LN Léon NOEL
23%
2013 2017 NB Nicole BELLOUBET
23%
1977 1989 LJ Louis JOXE
19%
2001 2010 PJ Pierre JOXE
19%
1998 2007 PM Pierre MAZEAUD
19%
2007 2016 RDDSM Renaud DENOIX de SAINT-MARC
19%
1980 1989 GV Georges VEDEL
16%
2016 2025 CL Corinne LUQUIENS
13%
1983 1992 DM Daniel MAYER
13%
1974 1983 GM Gaston MONNERVILLE
13%
1965 1974 GP Gaston PALEWSKI
13%
1989 1998 MF Maurice FAURE
13%
2010 2019 MC Michel CHARASSE
13%
1960 1971 RC René CASSIN
13%
1995 2004 YG Yves GUENA
13%
2010 2022 CBM Claire BAZY-MALAURIE
10%
2022 2031 FS François SENERS
10%
2010 2014 JB Jacques BARROT
10%
2016 2025 MP Michel PINAULT
10%
2013 2022 NM Nicole MAESTRACCI
10%
1992 2001 NL Noëlle LENOIR
10%
1986 1995 RF Robert FABRE
10%
2022 2031 VM Véronique MALBEC
10%
2017 2022 DL Dominique LOTTIN
6%
2019 2028 FP François PILLET
6%
2007 2016 GC Guy CANIVET
6%
1962 1971 MW Marcel WALINE
6%
1964 1968 AD André DESCHAMPS
3%
1977 1986 AS André SEGALAT
3%
1962 1964 BC Bernard CHENOT
3%
1959 1965 CLCDK Charles LE COQ de KERLAND
3%
2001 2010 DS Dominique SCHNAPPER
3%
1971 1980 FG François GOGUEL
3%
1992 2001 GA Georges ABADIE
3%
1965 1972 HM Henri MONNET
3%
1989 1998 JR Jacques ROBERT
3%
1959 1968 JGJ Jean GILBERT-JULES
3%
2004 2010 JLP Jean-Louis PEZANT
3%
1977 1984 LG Louis GROS
3%
1959 1965 LPVR Louis Pasteur VALLERY-RADOT
3%
1992 1996 MR Marcel RUDLOFF
3%
1959 1960 MD Maurice DELEPINE
3%
1959 1962 MP Maurice PATIN
3%
2000 2004 MP Monique PELLETIER
3%
1983 1986 PL Paul LEGATTE
3%
1959 1962 VC Victor CHATENAY
3%
1977 1983 AP Achille PERETTI
0%
1962 1970 EM Edmond MICHELET
0%
1995 1996 ED Etienne DAILLY
0%
1987 1992 FMV Francis MOLLET-VIEVILLE
0%
1965 1972 FL François LUCHAIRE
0%
1968 1977 GLD Georges-Léon DUBOIS
0%
1971 1977 HR Henri REY
0%
2004 2013 JDG Jacqueline de GUILLENCHMIDT
0%
1988 1995 JL Jacques LATSCHA
0%
1989 1998 JC Jean CABANNES
0%
1998 2007 JCC Jean-Claude COLLARD
0%
2015 2019 JJH Jean-Jacques HYEST
0%
1959 1968 JMP Jean MICHARD-PELISSIER
0%
1968 1977 JS Jean SAINTENY
0%
1970 1971 JA Jules ANTONINI
0%
1983 1992 LJM Léon JOZEAU-MARIGNE
0%
1974 1988 MRS Maurice-René SIMONNET
0%
1995 2004 MA Michel AMELIER
0%
2010 2015 MH Michel HAENEL
0%
2001 2010 ODDL Olivier DUTHEILLET de LAMOTHE
0%
1971 1979 PCF Paul COSTE-FLORET
0%
1968 1977 PC Pierre CHATENET
0%
1983 1987 PM Pierre MARCILHACY
0%
2004 2013 PS Pierre STEINMETZ
0%
1974 1983 RB René BROUILLET
0%
1979 1989 RL Robert LECOURT
0%
Aucun quiz correspondant
Distribution des résultats
% des personnes avec chaque résultat
Percentile par nombre de réponses
Votre historique - résultats
Vous n’avez pas pris ce quiz